000 00381cam a2200169ua 4500
020 _cRs. 1.25
041 _amal
_h
082 _a894.8124
_bONA/SA
100 _aOnakkoor, George .
245 _aSahityasameepanam
260 _aKottayam :
_bNational bookstall ,
_c1968.
300 _a82 ; .
365 _aRs. 1.25
504 _a
942 _cBK
999 _c456
_d456